00689nam a2200181 i 450000100060000000300090000600500170001500700030003200800410003510000270007624501270010326000600023030000220029070000370031285200210034999900170037095201200038752787ES-MaACL20230906162638.0t|030904s1934 sp ||||1| spa d1 aDecroly, Ovide.94318710aPsicología aplicada a la educación / cO. Decroly ; traducción del francés y prólogo de Jacobo Orellana Garrido. aMadrid : bFrancisco Beltrán, c1934 (fImp. Torrent) a278 p. ; c19 cm.1 aOrellana Garrido, Jacobo.987228 aES-MaACLjA-2719 c52787d52787 00104070aATENEOMbATENEOMcSPP1d2008-01-17eSCl0oA-2719p1055478r2023-02-23 00:00:00w2023-02-23yMONOGRAFIA